Country or world region by traditional dress - Statistics

General Stats
  • This quiz has been taken 70 times
    56 since last reset
  • The average score is 9 of 12
Answer Stats
Picture Hint Answer % Correct
Country Mexico
98%
Country China
96%
Region Middle East
92%
Nation Scotland
88%
Country Canada
86%
State Hawaii
86%
Country Mongolia
80%
Country Greece
62%
Region Bavaria
60%
Country Vatican
60%
Country Peru
50%
Region Brittany
14%
No matching quizzes found
Score Distribution
Percent of People with Each Score
Percentile by Number Answered
Your Score History
You have not taken this quiz since the last reset